000 00896nam a22002777a 4500
999 _c33668
_d33668
001 2942
003 CO-MdFUSB
005 20180622073126.0
008 180417t1980 xxu||||| |||| 00| 0 eng d
020 _a0-85151-313-1
040 _aCO-MdFUSB
_bspa
_cCO-MdFUSB
_dCO-MdFUSBC
_erda
041 0 _aeng
082 0 4 _aG 227.8 W7462c
100 1 _aWilson, Geoffrey B. (1929-)
_eautor
245 1 0 _aColossians and Philemon
_b : A digest of reformed comment
_c / Geoffrey B. Wilson
250 _a1
264 4 _aCarlisle, Pennsylvania :
_bThe Banner of Truth Trust
_c©1980
300 _a111 Pag.
336 _2rdacontent
_atexto
_btxt
337 _2rdamedia
_asin mediación
_bn
338 _2rdacarrier
_avolumen
_bnc
653 _aBiblia N.T - Colosenses - Comentarios
653 _aBiblia N.T - Filemón - Comentarios
700 1 _aMinister of Birkby Baptist Church Huddersfield
942 _cBK